000 00358nam a2200145 i 4500
001 bg
100 1 _aTARCZYŃSKA, E.
245 0 _aReading Comprehension Practice /
_cE. Tarczyńska, J. Wiśniewska.
260 _aKraków,
_c1984.
700 1 _aWIŚNIEWSKA, J.
040 _cBPK
041 _apol
942 _cKS
008 s pl f |000 0 pol
999 _c2598
_d2598
856 _uhttp://koha.tu.koszalin.pl/cgi-bin/koha/opac-detail.pl?biblionumber=2598
_yKatalog online BPK